000 01417cas a2200421 4500
001 000539735
003 AM-YeHGA
005 20250617135516.0
008 750806s1954 dcua|| |||||||0|||||eng|d
022 0 _a0571-1371
040 _aAM-YeHGA
041 0 _aeng
_afre
_ager
210 0 _aArs orient
222 0 _aArs orientalis
245 0 0 _aArs orientalis :
_bThe arts of Islam and the East.
246 3 0 _aArts of Islam and the East
246 1 8 _aArs orientalis
260 _aWashington :
_bFreer Gallery of Art.
300 _avolume :
_bill. ;
_c32 cm.
310 _aAnnual,
_b<1986- >
321 _aIrregular
362 0 _aVol. 1- 1954-
505 1 _gVol. 11 (1979; xiii, 328 p.)
546 _aChiefly in English, some articles in French and German.
550 _aIssued by the Freer Gallery of Art, Smithsonian Institution and Department of the History of Art, University of Michigan.
550 _aVols. for <1984> published by the Center for Chinese Studies, University of Michigan.
590 _aSERBIB/SERLOC merged record
650 0 _aArt, Islamic
650 1 4 _aArt, Asian
650 1 4 _aArt
710 2 _aUniversity of Michigan.
_bCenter for Chinese Studies.
710 2 _aFreer Gallery of Art.
710 2 _aUniversity of Michigan.
_bDept. of the History of Art.
770 0 _tArs orientalis. Supplement
780 0 0 _tArs islamica
942 _2udc
_cBK
090 _c203299
999 _c201808
_d201808